000 00655cam a22002293a 4500
001 17502
003 PGUSA
005 20140828083355.0
008 060112s2006||||xxu|||||s|||||000 | eng d
040 _aPGUSA
_beng
042 _adc
050 4 _aNC
100 1 _aMaginnis, Charles Donagh,
_d1867-1955
245 1 0 _aPen Drawing :
_bAn Illustrated Treatise
_h[electronic resource] /
_cCharles Donagh Maginnis
260 _bProject Gutenberg,
_c2006
506 _aPublic domain in the USA.
516 _aElectronic text
653 _aPen drawing
830 0 _aProject Gutenberg
_v17502
856 4 0 _uhttp://www.gutenberg.org/ebooks/17502
942 _cEB
999 _c246757
_d246757